Nyelv és nevelés idegen nyelvi nevelés a HKT program alsó tagozatán /

Elmentve itt :
Bibliográfiai részletek
Szerző: Benda József
Dokumentumtípus: Cikk
Megjelent: 1995
Sorozat:Iskolakultúra 5 No. 20-21
Kulcsszavak:Idegen nyelv tanítása - általános iskola
Online Access:http://misc.bibl.u-szeged.hu/44858
LEADER 00660nab a2200181 i 4500
001 misc44858
005 20191106141058.0
008 181010s1995 hu o 0|| zxx d
022 |a 1215-5233 
040 |a SZTE Miscellanea Repozitórium  |b hun 
041 |a zxx 
100 1 |a Benda József 
245 1 0 |a Nyelv és nevelés   |h [elektronikus dokumentum] :  |b idegen nyelvi nevelés a HKT program alsó tagozatán /  |c  Benda József 
260 |c 1995 
300 |a 117-119 
490 0 |a Iskolakultúra  |v 5 No. 20-21 
695 |a Idegen nyelv tanítása - általános iskola 
856 4 0 |u http://misc.bibl.u-szeged.hu/44858/1/iskolakultura_1995_020_021_117-119.pdf  |z Dokumentum-elérés